Health policy : crisis and reform in the U. S. health care delivery system /

Bibliographic Details
Other Authors: Harrington, Charlene, Estes, Carroll L., Crawford, Cassandra
Format: Book
Language:English
Published: Sudbury, Mass. : Jones and Bartlett Publishers, [2004]
Edition:Fourth edition.
Subjects:

MARC

Tag First Indicator Second Indicator Subfields
LEADER 00000pam a22000004a 4500
001 in00004497913
005 20210818135342.0
008 030926s2004 maua b 001 0 eng
010 |a  2003021413 
016 7 |a 101192241  |2 DNLM 
020 |a 0763707538 (pbk.) 
035 |a (OCoLC)ocm53138750 
035 |z (UtOrBLW)36486 
035 |a 53169 
040 |a DNLM/DLC  |c DLC  |d YDX  |d NLM  |d UtOrBLW 
042 |a pcc 
043 |a n-us--- 
049 |a TMVM  |c 1 
050 0 0 |a RA395.A3  |b H42554 2004 
060 1 0 |a W 84 AA1  |b H43478 2004 
060 4 |a W 84 AA1  |b H4345 2004 
082 0 0 |a 362.1/0973  |2 22 
245 0 0 |a Health policy :  |b crisis and reform in the U. S. health care delivery system /  |c edited by Charlene Harrington, Carroll L. Estes ; with assistance from Cassandra Crawford. 
250 |a Fourth edition. 
264 1 |a Sudbury, Mass. :  |b Jones and Bartlett Publishers,  |c [2004] 
264 4 |c ©2004 
300 |a xvii, 430 pages :  |b illustrations ;  |c 23 cm. 
336 |a text  |2 rdacontent  |b txt 
337 |a unmediated  |2 rdamedia 
338 |a volume  |2 rdacarrier  |b nc 
504 |a Includes bibliographical references and index. 
505 0 |a Health policy -- Health politics and political action -- Health status and access to care -- Health status of the population and vulnerable groups -- Access to care -- Aging and long-term care -- Health care delivery system issues -- Organizational change -- Labor issues -- Quality of care -- The economics of health care -- Financing health care -- Public financing -- Private insurance and managed care -- Reforming the U.S. health care system -- International health systems -- Health reform for the future 
650 2 |a Delivery of Health Care  |x economics  |z United States. 
650 2 |a Delivery of Health Care  |x trends  |z United States. 
650 2 |a Health Policy  |z United States. 
650 2 |a Nursing  |z United States. 
700 1 |a Harrington, Charlene. 
700 1 |a Estes, Carroll L. 
700 1 |a Crawford, Cassandra. 
948 |a PO 8055 
999 |a MARS 
999 f f |s 37c3cae1-ac75-3e22-9ea9-21128e5e0c05  |i 4e4a5a29-c8aa-30d4-8a7d-119a2294885e  |t 0 
952 f f |p ric  |a Texas A&M University  |b Rellis Campus  |c Joint Library Facility  |d Remote Storage  |t 0  |e W 84 AA1 H4345 2004  |h National Library of Medicine classification  |i unmediated -- volume  |m 323890186497H 
998 f f |a W 84 AA1 H4345 2004  |t 0  |l Remote Storage